[Event "EU-ch Rapid"]
[Site "Zagreb"]
[Date "2023.12.15"]
[Round "10"]
[White "Fedorchuk, Sergey A"]
[Black "Drnovsek, Gal"]
[Result "1-0"]
[WhiteElo "2546"]
[BlackElo "2405"]
[PlyCount "121"]
[EventDate "2023.12.14"]
[EventType "swiss (rapid)"]
[EventRounds "11"]
[EventCountry "CRO"]
[SourceTitle "CB51_2023"]
[SourceDate "2023.12.20"]
[SourceVersion "1"]
[SourceVersionDate "2023.12.20"]
[SourceQuality "1"]

1. e4 e5 2. Nf3 Nc6 3. Bb5 a6 4. Ba4 Nf6 5. 0-0 Be7 6. d3 b5 7. Bb3 d6 8. a3 0-0 9. Nc3 Na5 10. Ba2 c5 11. Bg5 Be6 12. Bxf6 Bxf6 13. Nd5 Nc6 14. c3 Rc8 15. a4 g6 16. axb5 axb5 17. Bb3 Bg7 18. Ra6 Ne7 19. Nxe7+ Qxe7 20. Bxe6 Qxe6 21. Qa1 c4 22. dxc4 Qxc4 23. Re1 Rfd8 24. Nd2 Qd3 25. Nf1 d5 26. exd5 Qxd5 27. h3 Qb3 28. Ra3 Qe6 29. Rd1 Rxd1 30. Qxd1 e4 31. Rb3 Qc6 32. Ne3 Bh6 33. Nd5 Re8 34. Rb4 e3 35. fxe3 Bxe3+ 36. Nxe3 Rxe3 37. Rd4 Kg7 38. Qd2 Qe6 39. Rd5 Re1+ 40. Kh2 Re2 41. Qd4+ Kh6 42. b4 Qe3 43. Rxb5 Qxd4 44. cxd4 Rd2 45. d5 Kg5 46. Rc5 Kf6 47. b5 Rb2 48. d6 Ke6 49. Rd5 Kd7 50. Kg3 Rb4 51. Kf3 h5 52. Ke3 h4 53. Kd3 Rb2 54. Kc3 Rxg2 55. b6 Rg1 56. Rb5 Rc1+ 57. Kd4 Rc8 58. b7 Rb8 59. Ke5 Kc6 60. Rb1 f6+ 61. Ke6 1-0

[Event "EU-ch Rapid"]
[Site "Zagreb"]
[Date "2023.12.14"]
[Round "6"]
[White "Drnovsek, Gal"]
[Black "Jobava, Baadur"]
[Result "0-1"]
[WhiteElo "2405"]
[BlackElo "2591"]
[PlyCount "82"]
[EventDate "2023.12.14"]
[EventType "swiss (rapid)"]
[EventRounds "11"]
[EventCountry "CRO"]
[SourceTitle "CB51_2023"]
[SourceDate "2023.12.20"]
[SourceVersion "1"]
[SourceVersionDate "2023.12.20"]
[SourceQuality "1"]

1. d4 d5 2. c4 dxc4 3. e4 Nf6 4. e5 Nd5 5. Bxc4 Bf5 6. Nf3 e6 7. 0-0 Nc6 8. Nc3 Nb6 9. Bb5 Be7 10. Qe2 0-0 11. Rd1 Nb4 12. a3 a6 13. axb4 axb5 14. Rxa8 Qxa8 15. Qxb5 Bg4 16. Be3 Rd8 17. Rc1 Bxf3 18. gxf3 Nd5 19. Qa5 Nxb4 20. Qxc7 Bf8 21. Qb6 Rc8 22. Rd1 Rc6 23. Qb5 h6 24. Bf4 Qc8 25. Kg2 Rc4 26. Bg3 h5 27. h4 Nc2 28. d5 Nd4 29. Rxd4 Rxd4 30. d6 Qc6 31. Qxc6 bxc6 32. Ne4 Rb4 33. Bf4 Rd4 34. Be3 Rd5 35. f4 f6 36. exf6 Bxd6 37. fxg7 Kxg7 38. Bd2 Kg6 39. Kf3 Be7 40. Bc3 Bxh4 41. Nd2 Bf6 0-1

[Event "EU-ch Rapid"]
[Site "Zagreb"]
[Date "2023.12.14"]
[Round "3"]
[White "Drnovsek, Gal"]
[Black "Schoppen, Casper"]
[Result "0-1"]
[WhiteElo "2405"]
[BlackElo "2537"]
[PlyCount "86"]
[EventDate "2023.12.14"]
[EventType "swiss (rapid)"]
[EventRounds "11"]
[EventCountry "CRO"]
[SourceTitle "CB51_2023"]
[SourceDate "2023.12.20"]
[SourceVersion "1"]
[SourceVersionDate "2023.12.20"]
[SourceQuality "1"]

1. d4 Nf6 2. c4 e6 3. Nf3 d5 4. Nc3 Bb4 5. Qa4+ Nc6 6. e3 0-0 7. Bd2 a5 8. Qc2 Ne7 9. Bd3 b6 10. e4 dxc4 11. Bxc4 Bb7 12. Bd3 Nh5 13. a3 Bxc3 14. bxc3 Ng6 15. g3 Rc8 16. Qd1 c5 17. 0-0 cxd4 18. cxd4 f5 19. Ng5 Nf6 20. Nxe6 Qd7 21. exf5 Qd5 22. f3 Rfe8 23. Re1 Nf8 24. Be4 Qd7 25. Bxb7 Qxb7 26. Bg5 Nd5 27. Re5 Nd7 28. Re1 Qc6 29. Rc1 Qb5 30. Rxc8 Rxc8 31. Bd2 Qd3 32. Qe2 Qxa3 33. Qb5 N7f6 34. Rf1 Qa2 35. Rf2 Qc4 36. Qb1 a4 37. g4 a3 38. Bg5 b5 39. Bxf6 Qc1+ 40. Qxc1 Rxc1+ 41. Kg2 gxf6 42. Nc5 b4 43. h4 Rxc5 0-1

[Event "Titled Tuesday intern op 28th Feb Late"]
[Site "Chess.com INT"]
[Date "2023.02.28"]
[Round "11"]
[White "Diaz Perez, Michel Alejandro"]
[Black "Drnovsek, Gal"]
[Result "1-0"]
[WhiteElo "2414"]
[BlackElo "2397"]
[PlyCount "71"]
[EventDate "2023.02.28"]
[EventType "swiss (blitz)"]
[EventRounds "11"]
[EventCountry "USA"]
[SourceTitle "CBM 213 Extra"]
[Source "ChessBase"]
[SourceDate "2023.05.31"]
[SourceVersion "1"]
[SourceVersionDate "2023.05.31"]
[SourceQuality "1"]

1. Nf3 g6 2. c4 Bg7 3. Nc3 c5 4. e4 Nc6 5. d3 Rb8 6. Be3 d6 7. Qd2 a6 8. h4 Nf6 9. Bh6 Kf8 10. Be2 b5 11. Nd5 Ng4 12. Bxg7+ Kxg7 13. h5 h6 14. hxg6 fxg6 15. Qc3+ Nge5 16. Nxe5 dxe5 17. cxb5 Rxb5 18. a4 Ra5 19. 0-0 Nd4 20. Bd1 Be6 21. Ne3 Qb6 22. f4 exf4 23. Rxf4 Rb8 24. Rb1 Qb4 25. Qc1 Bb3 26. Rf2 Rxa4 27. Bxb3 Qxb3 28. Nd5 Qxd3 29. Qf4 Ne2+ 30. Rxe2 Qxb1+ 31. Kh2 Rf8 32. Qe5+ Kg8 33. Nxe7+ Kh7 34. Qe6 Qf1 35. Qxg6+ Kh8 36. Qxh6# 1-0

[Event "Titled Tuesday intern op 28th Feb Late"]
[Site "Chess.com INT"]
[Date "2023.02.28"]
[Round "10"]
[White "Drnovsek, Gal"]
[Black "Kostiukov, Alexandr"]
[Result "1-0"]
[WhiteElo "2397"]
[BlackElo "2271"]
[PlyCount "67"]
[EventDate "2023.02.28"]
[EventType "swiss (blitz)"]
[EventRounds "11"]
[EventCountry "USA"]
[SourceTitle "CBM 213 Extra"]
[Source "ChessBase"]
[SourceDate "2023.05.31"]
[SourceVersion "1"]
[SourceVersionDate "2023.05.31"]
[SourceQuality "1"]

1. e4 c5 2. c3 g6 3. d3 Bg7 4. f4 Nc6 5. Nf3 e6 6. Be2 Nge7 7. 0-0 0-0 8. Be3 d6 9. Nbd2 a6 10. Qe1 Rb8 11. a4 b5 12. axb5 axb5 13. Qh4 b4 14. f5 exf5 15. Bh6 bxc3 16. bxc3 Bxh6 17. Qxh6 f6 18. d4 cxd4 19. cxd4 fxe4 20. Nxe4 Nf5 21. Qd2 Re8 22. Ng3 Nxg3 23. hxg3 Qe7 24. Bc4+ Kg7 25. Rfe1 Qf8 26. Rxe8 Qxe8 27. Bd5 Bb7 28. Qf4 Qe7 29. Rb1 Bc8 30. Re1 Qc7 31. Bxc6 Qxc6 32. Re7+ Kf8 33. Qxf6+ Kg8 34. Qg7# 1-0

[Event "Titled Tuesday intern op 28th Feb Late"]
[Site "Chess.com INT"]
[Date "2023.02.28"]
[Round "3"]
[White "Guerb, Leonid"]
[Black "Drnovsek, Gal"]
[Result "0-1"]
[WhiteElo "2295"]
[BlackElo "2397"]
[PlyCount "78"]
[EventDate "2023.02.28"]
[EventType "swiss (blitz)"]
[EventRounds "11"]
[EventCountry "USA"]
[SourceTitle "CBM 213 Extra"]
[Source "ChessBase"]
[SourceDate "2023.05.31"]
[SourceVersion "1"]
[SourceVersionDate "2023.05.31"]
[SourceQuality "1"]

1. Nf3 g6 2. c4 Bg7 3. g3 e5 4. Nc3 d6 5. Bg2 f5 6. d3 Nf6 7. 0-0 0-0 8. Bg5 h6 9. Bxf6 Qxf6 10. Nd5 Qf7 11. Rb1 c6 12. Nc3 Be6 13. Qc2 d5 14. cxd5 cxd5 15. d4 e4 16. Ne5 Bxe5 17. dxe5 Nc6 18. Rfd1 Nxe5 19. Qa4 Rfd8 20. Rd2 Nc4 21. Rd4 a6 22. b3 b5 23. Qb4 Ne5 24. Rbd1 Rac8 25. R4d2 Nc6 26. Qc5 Ne5 27. Qd4 Nc6 28. Qc5 d4 29. Nb1 b4 30. f3 e3 31. Rd3 Rd5 32. Qb6 f4 33. Qxa6 Ne5 34. a3 Nxd3 35. Qxd3 Bf5 36. Qa6 Rdc5 37. Rf1 Qxb3 38. g4 Bxb1 39. axb4 Rc1 0-1

[Event "Titled Tuesday intern op 28th Feb Late"]
[Site "Chess.com INT"]
[Date "2023.02.28"]
[Round "6"]
[White "Melikyan, Gnel"]
[Black "Drnovsek, Gal"]
[Result "0-1"]
[WhiteElo "2238"]
[BlackElo "2397"]
[PlyCount "104"]
[EventDate "2023.02.28"]
[EventType "swiss (blitz)"]
[EventRounds "11"]
[EventCountry "USA"]
[SourceTitle "CBM 213 Extra"]
[Source "ChessBase"]
[SourceDate "2023.05.31"]
[SourceVersion "1"]
[SourceVersionDate "2023.05.31"]
[SourceQuality "1"]

1. Nf3 g6 2. h4 Nf6 3. c4 Bg7 4. Nc3 d6 5. d4 h6 6. g3 Bf5 7. Qb3 Qc8 8. Bg2 Nc6 9. d5 Nd8 10. Nd4 Bd7 11. e3 c5 12. dxc6 bxc6 13. Bd2 0-0 14. Rc1 e5 15. Nde2 Ne6 16. Qa3 Nc5 17. Na4 Nfe4 18. Nxc5 Nxc5 19. Bb4 Bg4 20. Bxc5 dxc5 21. Nc3 Rd8 22. Qa4 Rb8 23. b3 e4 24. 0-0 f5 25. Qa5 Bf8 26. Na4 g5 27. hxg5 hxg5 28. f3 exf3 29. Bxf3 Bh3 30. Bg2 Bxg2 31. Kxg2 Qe6 32. Qc3 Qe4+ 33. Kg1 Rd3 34. Qc2 Qxe3+ 35. Qf2 Qxg3+ 36. Qxg3 Rxg3+ 37. Kh2 f4 38. Rg1 Rxg1 39. Rxg1 Be7 40. Nc3 Kf7 41. Ne4 Rh8+ 42. Kg2 g4 43. Rf1 f3+ 44. Kg3 Rg8 45. Rd1 Ke6 46. Re1 Kf5 47. Kf2 Bh4+ 48. Ng3+ Bxg3+ 49. Kxg3 Rh8 50. Re7 Rh3+ 51. Kf2 Rh2+ 52. Ke3 Re2+ 0-1

[Event "Titled Tuesday intern op 28th Feb Late"]
[Site "Chess.com INT"]
[Date "2023.02.28"]
[Round "7"]
[White "Salimova, Nurgyul"]
[Black "Drnovsek, Gal"]
[Result "1-0"]
[WhiteElo "2387"]
[BlackElo "2397"]
[PlyCount "79"]
[EventDate "2023.02.28"]
[EventType "swiss (blitz)"]
[EventRounds "11"]
[EventCountry "USA"]
[SourceTitle "CBM 213 Extra"]
[Source "ChessBase"]
[SourceDate "2023.05.31"]
[SourceVersion "1"]
[SourceVersionDate "2023.05.31"]
[SourceQuality "1"]

1. d4 Nf6 2. Nf3 g6 3. g3 Bg7 4. Bg2 0-0 5. c4 d5 6. cxd5 Nxd5 7. 0-0 Nb6 8. Nc3 Nc6 9. e3 Be6 10. b3 a5 11. Bb2 a4 12. bxa4 Bc4 13. Re1 Nb4 14. Ba3 Nd3 15. Re2 Re8 16. Rd2 Nxa4 17. Nxa4 b5 18. Nc5 Rxa3 19. Nxd3 Bxd3 20. Rxd3 Ra4 21. Qb3 Qb8 22. Rc1 Rd8 23. Rdc3 Rc8 24. Rc5 Qa7 25. Ng5 e6 26. Nxe6 Rxa2 27. Ng5 c6 28. Rxc6 Rxc6 29. Bxc6 Ra3 30. Qxb5 h6 31. Ne4 Qe7 32. Qc5 Qxc5 33. dxc5 Ra2 34. Bd5 Kf8 35. Bxa2 Be5 36. c6 Bc7 37. Rd1 f5 38. Rd7 Be5 39. c7 Ke8 40. c8Q# 1-0

[Event "Titled Tuesday intern op 28th Feb Late"]
[Site "Chess.com INT"]
[Date "2023.02.28"]
[Round "1"]
[White "Sjugirov, Sanan"]
[Black "Drnovsek, Gal"]
[Result "1-0"]
[WhiteElo "2712"]
[BlackElo "2397"]
[PlyCount "109"]
[EventDate "2023.02.28"]
[EventType "swiss (blitz)"]
[EventRounds "11"]
[EventCountry "USA"]
[SourceTitle "CBM 213 Extra"]
[Source "ChessBase"]
[SourceDate "2023.05.31"]
[SourceVersion "1"]
[SourceVersionDate "2023.05.31"]
[SourceQuality "1"]

1. Nf3 g6 2. e4 Bg7 3. d4 d6 4. Bd3 Nc6 5. c3 e5 6. 0-0 Nf6 7. h3 0-0 8. Re1 Qe7 9. Bc2 Bd7 10. Nbd2 Rae8 11. Nf1 Kh8 12. Ng3 Ng8 13. b4 exd4 14. Nxd4 Ne5 15. Rb1 c5 16. Nf3 Nxf3+ 17. Qxf3 f5 18. Bd2 Bc6 19. b5 fxe4 20. Qe2 Bd7 21. Bxe4 Nf6 22. Bf3 Qf7 23. Qd3 d5 24. Bg5 Ne4 25. Nxe4 dxe4 26. Bxe4 Qxf2+ 27. Kh1 Bf5 28. Re2 Bxe4 29. Rxe4 Rxe4 30. Qxe4 Qg3 31. Be3 Be5 32. Bg1 Qxc3 33. Qxb7 Qd3 34. Re1 Bg7 35. Bxc5 Qd2 36. Qe4 Rc8 37. Bg1 Qxa2 38. Bd4 Qg8 39. Bxa7 Bf6 40. Bd4 Rf8 41. b6 Kg7 42. Bxf6+ Rxf6 43. b7 Qb8 44. Qb4 Rf7 45. Rb1 Kg8 46. Qb3 Kg7 47. Qc3+ Kh6 48. Qc1+ g5 49. Qc6+ Kh5 50. Qe6 Kh4 51. Qxf7 Qe5 52. Qxh7+ Kg3 53. Qd3+ Kh4 54. Qc4+ g4 55. Qxg4# 1-0

[Event "Titled Tuesday intern op 21st Feb Late"]
[Site "Chess.com INT"]
[Date "2023.02.21"]
[Round "10"]
[White "Drnovsek, Gal"]
[Black "Kalajzic, Ivan"]
[Result "1-0"]
[WhiteElo "2397"]
[BlackElo "2062"]
[PlyCount "87"]
[EventDate "2023.02.21"]
[EventType "swiss (blitz)"]
[EventRounds "11"]
[EventCountry "USA"]
[SourceTitle "CBM 212 Extra"]
[Source "ChessBase"]
[SourceDate "2023.03.31"]
[SourceVersion "1"]
[SourceVersionDate "2023.03.31"]
[SourceQuality "1"]

1. e4 Nc6 2. Nc3 d6 3. f4 g6 4. Nf3 Bg7 5. d4 Bg4 6. Bb5 a6 7. Bxc6+ bxc6 8. Be3 Nf6 9. 0-0 0-0 10. h3 Bxf3 11. Qxf3 Qb8 12. b3 Nd7 13. Ne2 c5 14. c3 cxd4 15. cxd4 c5 16. Rad1 cxd4 17. Nxd4 Qb7 18. Bf2 Nc5 19. Rfe1 a5 20. Nc2 f5 21. Bxc5 dxc5 22. e5 Qxf3 23. gxf3 Bh6 24. Rd7 Rfe8 25. Ne3 Bxf4 26. Nd5 Bg5 27. f4 Bh4 28. Rc1 Red8 29. Nxe7+ Bxe7 30. Rxe7 Rac8 31. e6 Rd4 32. Re1 Rxf4 33. Rd7 Re8 34. Re5 Re4 35. Rxc5 R4xe6 36. Rcc7 Re1+ 37. Kf2 R1e2+ 38. Kf3 R2e3+ 39. Kf4 R3e4+ 40. Kg5 h6+ 41. Kxh6 Rh4+ 42. Kxg6 Re6+ 43. Kxf5 Rhh6 44. Rd8+ 1-0

[Event "Titled Tuesday intern op 14th Feb Late"]
[Site "Chess.com INT"]
[Date "2023.02.14"]
[Round "9"]
[White "Drnovsek, Gal"]
[Black "Koellner, Ruben Gideon"]
[Result "1-0"]
[WhiteElo "2397"]
[BlackElo "2410"]
[PlyCount "71"]
[EventDate "2023.02.14"]
[EventType "swiss (blitz)"]
[EventRounds "11"]
[EventCountry "USA"]
[SourceTitle "CBM 212 Extra"]
[Source "ChessBase"]
[SourceDate "2023.03.31"]
[SourceVersion "1"]
[SourceVersionDate "2023.03.31"]
[SourceQuality "1"]

1. e4 d6 2. d4 Nf6 3. Nc3 e5 4. Nf3 Nbd7 5. g4 h6 6. Rg1 c6 7. h4 exd4 8. Nxd4 Ne5 9. g5 hxg5 10. hxg5 Nfg4 11. Be2 Nh2 12. Bf4 Qb6 13. Bxe5 dxe5 14. Nb3 Rh3 15. g6 fxg6 16. Qd2 Nf3+ 17. Bxf3 Rxf3 18. 0-0-0 Rf6 19. f4 exf4 20. e5 Rf7 21. Kb1 Bf5 22. e6 Re7 23. Qxf4 Rd8 24. Rxd8+ Qxd8 25. Nd4 Qc7 26. Qf3 Qb6 27. Nce2 c5 28. Nxf5 gxf5 29. Qxf5 Qxe6 30. Qh5+ Qf7 31. Qh2 Qe6 32. Qb8+ Kf7 33. Rf1+ Kg6 34. Qxf8 Qxe2 35. Rg1+ Kh5 36. Qh8# 1-0

[Event "Titled Tuesday intern op 14th Feb Late"]
[Site "Chess.com INT"]
[Date "2023.02.14"]
[Round "5"]
[White "Drnovsek, Gal"]
[Black "Nasuta, Grzegorz"]
[Result "0-1"]
[WhiteElo "2397"]
[BlackElo "2535"]
[PlyCount "138"]
[EventDate "2023.02.14"]
[EventType "swiss (blitz)"]
[EventRounds "11"]
[EventCountry "USA"]
[SourceTitle "CBM 212 Extra"]
[Source "ChessBase"]
[SourceDate "2023.03.31"]
[SourceVersion "1"]
[SourceVersionDate "2023.03.31"]
[SourceQuality "1"]

1. e4 c5 2. c3 Nf6 3. e5 Nd5 4. d4 cxd4 5. cxd4 d6 6. Nf3 Nc6 7. Bc4 e6 8. 0-0 Be7 9. Qe2 0-0 10. Nc3 Nxc3 11. bxc3 dxe5 12. dxe5 Qa5 13. Bd2 Rd8 14. Bb3 Bd7 15. Rfe1 Be8 16. Qe4 Rd7 17. Bc2 g6 18. Bb3 Rad8 19. Re2 Qb5 20. Bh6 Qd3 21. Qf4 Qxc3 22. Rae1 Nd4 23. Re3 Nxf3+ 24. Qxf3 Rd3 25. h4 Qxe1+ 26. Rxe1 Rxf3 27. gxf3 Bxh4 28. Rc1 Bc6 29. Kg2 Rd3 30. Bd1 Be7 31. Be2 Rd8 32. Kg3 Bf8 33. Bg5 Rd5 34. f4 h6 35. Bf6 Bg7 36. Be7 g5 37. Bd6 gxf4+ 38. Kxf4 f6 39. Bb8 fxe5+ 40. Kg3 Rd2 41. Bc4 Kf7 42. Rf1 Rd4 43. Bb3 a5 44. f4 exf4+ 45. Bxf4 Ke7 46. Re1 Bd5 47. Bxd5 Rxd5 48. Rb1 b5 49. Bc7 a4 50. Ba5 Be5+ 51. Kg4 Bd6 52. Rh1 h5+ 53. Kf3 b4 54. Bb6 b3 55. axb3 axb3 56. Ke4 Bg3 57. Bd4 h4 58. Ra1 Rb5 59. Ra7+ Kd6 60. Ra6+ Kd7 61. Ra7+ Kc8 62. Bb2 h3 63. Rh7 h2 64. Rh3 Rb4+ 65. Kd3 Rh4 66. Rxg3 h1Q 67. Rg8+ Kb7 68. Rg7+ Kc6 69. Be5 Qd5+ 0-1

[Event "Titled Tuesday intern op 14th Feb Late"]
[Site "Chess.com INT"]
[Date "2023.02.14"]
[Round "2"]
[White "Marin Masis, Jose Esteban"]
[Black "Drnovsek, Gal"]
[Result "0-1"]
[WhiteElo "1938"]
[BlackElo "2397"]
[PlyCount "64"]
[EventDate "2023.02.14"]
[EventType "swiss (blitz)"]
[EventRounds "11"]
[EventCountry "USA"]
[SourceTitle "CBM 212 Extra"]
[Source "ChessBase"]
[SourceDate "2023.03.31"]
[SourceVersion "1"]
[SourceVersionDate "2023.03.31"]
[SourceQuality "1"]

1. e4 e5 2. Nf3 Nc6 3. Bb5 a6 4. Ba4 b5 5. Bb3 g6 6. d4 exd4 7. Nxd4 Na5 8. 0-0 Bg7 9. a4 b4 10. Qf3 Nxb3 11. Nxb3 Bb7 12. c3 bxc3 13. Nxc3 d6 14. Na5 Qc8 15. Nd5 Rb8 16. Bg5 c6 17. Nf6+ Kf8 18. Rad1 Nxf6 19. Bxf6 Qe6 20. Bxg7+ Kxg7 21. Nxc6 Bxc6 22. Qc3+ Qe5 23. Qxc6 Rxb2 24. Qxa6 Qxe4 25. Qxd6 Rhb8 26. a5 R8b5 27. Qa3 R2b3 28. Qa1+ Kh6 29. h3 Rg5 30. g3 Rbxg3+ 31. fxg3 Rxg3+ 32. Kf2 Rg2# 0-1

[Event "Titled Tuesday intern op 31st Jan Late"]
[Site "Chess.com INT"]
[Date "2023.01.31"]
[Round "7"]
[White "Ruiz Aguilar, Pablo Alexander"]
[Black "Drnovsek, Gal"]
[Result "1-0"]
[WhiteElo "2161"]
[BlackElo "2397"]
[PlyCount "73"]
[EventDate "2023.01.31"]
[EventType "swiss (blitz)"]
[EventRounds "11"]
[EventCountry "USA"]
[SourceTitle "CBM 212 Extra"]
[Source "ChessBase"]
[SourceDate "2023.03.31"]
[SourceVersion "1"]
[SourceVersionDate "2023.03.31"]
[SourceQuality "1"]

1. e4 e5 2. Nf3 Nc6 3. d4 exd4 4. Nxd4 Nf6 5. Nxc6 bxc6 6. Bd3 d6 7. 0-0 Ng4 8. h3 Ne5 9. Nc3 Be7 10. Bf4 0-0 11. Bxe5 dxe5 12. Qf3 Be6 13. Qg3 Bd6 14. Kh1 Rb8 15. b3 Bd7 16. Rad1 f5 17. exf5 e4 18. Bc4+ Kh8 19. Qe3 Bxf5 20. Nxe4 Bxe4 21. Qxe4 Qg5 22. Qxc6 Rbe8 23. Bd3 Re6 24. f4 Qg3 25. Qf3 Qh4 26. f5 Rh6 27. Rde1 Rh5 28. Re4 Qg5 29. Rg4 Qh6 30. Rc4 Qf6 31. Qxh5 Qe5 32. Rcf4 g6 33. Qg4 gxf5 34. Qg5 Qe3 35. Rxf5 Qxg5 36. Rxg5 Re8 37. Rgf5 1-0

[Event "Titled Tuesday intern op 24th Jan Late"]
[Site "Chess.com INT"]
[Date "2023.01.24"]
[Round "6"]
[White "Drnovsek, Gal"]
[Black "Rosen, Eric S"]
[Result "0-1"]
[WhiteElo "2397"]
[BlackElo "2356"]
[PlyCount "72"]
[EventDate "2023.01.24"]
[EventType "swiss (blitz)"]
[EventRounds "11"]
[EventCountry "USA"]
[SourceTitle "EXT 2024"]
[Source "ChessBase"]
[SourceDate "2023.10.10"]
[SourceVersion "1"]
[SourceVersionDate "2023.10.10"]
[SourceQuality "1"]

1. e4 Nc6 2. Nc3 d6 3. f4 g6 4. Nf3 Bg7 5. Bb5 a6 6. Bxc6+ bxc6 7. 0-0 Nf6 8. d3 0-0 9. Qe1 e6 10. h3 c5 11. Bd2 Bb7 12. Qg3 c4 13. Rae1 cxd3 14. cxd3 Nh5 15. Qf2 f5 16. Ng5 Re8 17. g4 Nf6 18. e5 dxe5 19. fxe5 Nd5 20. gxf5 exf5 21. d4 Nxc3 22. bxc3 Qd5 23. Kh2 Qxa2 24. e6 h6 25. Nf7 Rxe6 26. Rxe6 Qxe6 27. Nxh6+ Bxh6 28. Bxh6 Re8 29. Bf4 a5 30. Be5 Qd5 31. Rg1 Rxe5 32. dxe5 Qxe5+ 33. Rg3 a4 34. Qd4 Qe2+ 35. Kg1 Qe1+ 36. Kh2 Qh1# 0-1

[Event "Titled Tuesday intern op 24th Jan Late"]
[Site "Chess.com INT"]
[Date "2023.01.24"]
[Round "1"]
[White "Gritsenko, Nikolai"]
[Black "Drnovsek, Gal"]
[Result "0-1"]
[WhiteElo "2309"]
[BlackElo "2397"]
[PlyCount "82"]
[EventDate "2023.01.24"]
[EventType "swiss (blitz)"]
[EventRounds "11"]
[EventCountry "USA"]
[SourceTitle "EXT 2024"]
[Source "ChessBase"]
[SourceDate "2023.10.10"]
[SourceVersion "1"]
[SourceVersionDate "2023.10.10"]
[SourceQuality "1"]

1. b3 Nf6 2. Bb2 g6 3. Bxf6 exf6 4. c4 Bg7 5. Nc3 0-0 6. g3 Nc6 7. Bg2 f5 8. Rc1 Re8 9. e3 Nd4 10. Nf3 c6 11. 0-0 Nxf3+ 12. Bxf3 d6 13. d4 Qc7 14. b4 a5 15. b5 Bd7 16. Qa4 h5 17. Rb1 h4 18. Rb3 hxg3 19. hxg3 Qc8 20. bxc6 bxc6 21. Qa3 Bf8 22. Na4 f4 23. Nb6 Qc7 24. Nxd7 Qxd7 25. gxf4 d5 26. Qc1 a4 27. Rb1 Qf5 28. Bg2 g5 29. fxg5 Qxg5 30. cxd5 cxd5 31. Rb5 Rad8 32. Qd1 Re6 33. Qf3 Rg6 34. Rc1 Rdd6 35. Rc8 Rdf6 36. Qg3 Qh5 37. Qb8 Qd1+ 38. Kh2 Rh6+ 39. Kg3 Rfg6+ 40. Kf4 Qg4+ 41. Ke5 Rg5# 0-1

[Event "SLO-chT1 West"]
[Site "Slovenia"]
[Date "2022.10.22"]
[Round "8.3"]
[White "Drnovsek, Gal"]
[Black "Djuric, Petar2222"]
[Result "1-0"]
[WhiteElo "2393"]
[BlackElo "2201"]
[PlyCount "81"]
[EventDate "2022.10.07"]
[EventType "team-tourn"]
[EventRounds "9"]
[EventCountry "SLO"]
[SourceTitle "EXT 2024"]
[Source "ChessBase"]
[SourceDate "2023.10.10"]
[SourceVersion "1"]
[SourceVersionDate "2023.10.10"]
[SourceQuality "1"]
[WhiteTeam "Kranj Tomo Zupan"]
[BlackTeam "Kranj Stari Mayr"]
[WhiteTeamCountry "SLO"]
[BlackTeamCountry "SLO"]

1. d4 Nf6 2. c4 e6 3. Nc3 Bb4 4. e3 b6 5. Nge2 Bb7 6. a3 Bxc3+ 7. Nxc3 0-0 8. f3 d5 9. cxd5 exd5 10. Bd3 Re8 11. 0-0 Ba6 12. Bxa6 Nxa6 13. Qd3 Nb8 14. e4 c6 15. Bg5 h6 16. Bh4 g5 17. Bg3 Nbd7 18. e5 Nh7 19. f4 Ndf8 20. fxg5 hxg5 21. Rf5 Ne6 22. Rxf7 Nhf8 23. Raf1 Re7 24. R7f6 Qd7 25. h4 gxh4 26. Bxh4 Rg7 27. Rh6 Ng5 28. Rf5 Nfe6 29. Bxg5 Nxg5 30. Qf1 Re8 31. Qf4 Nf7 32. Rhf6 Re6 33. Ne2 Rxf6 34. exf6 Rg6 35. Qb8+ Kh7 36. Rh5+ Rh6 37. Rxh6+ Nxh6 38. Qe5 Qg4 39. Qe7+ Kh8 40. Qe8+ Kh7 41. f7 1-0

[Event "CRO-chT1B 30th"]
[Site "Porec"]
[Date "2022.09.29"]
[Round "6.12"]
[White "Maksimovic, Bojan"]
[Black "Drnovsek, Gal"]
[Result "1-0"]
[WhiteElo "2468"]
[BlackElo "2393"]
[PlyCount "57"]
[EventDate "2022.09.24"]
[EventType "team-tourn"]
[EventRounds "9"]
[EventCountry "CRO"]
[SourceTitle "CBM 210 Extra"]
[Source "ChessBase"]
[SourceDate "2022.11.30"]
[SourceVersion "1"]
[SourceVersionDate "2022.11.30"]
[SourceQuality "1"]
[WhiteTeam "Sveta Nedelja"]
[BlackTeam "Rijeka Rijeka"]
[WhiteTeamCountry "CRO"]
[BlackTeamCountry "CRO"]

1. e4 c5 2. Nf3 d6 3. d4 cxd4 4. Nxd4 Nf6 5. Nc3 a6 6. Be2 e6 7. Be3 Be7 8. Qd2 Qc7 9. 0-0-0 Nc6 10. f4 Nxd4 11. Qxd4 0-0 12. g4 d5 13. exd5 Nxd5 14. Nxd5 exd5 15. f5 Bd7 16. Bf3 Rac8 17. Qd2 Ba4 18. b3 d4 19. Bf4 Ba3+ 20. Kb1 Qc5 21. Bxb7 Bb4 22. Qf2 Rcd8 23. Bd2 Ba3 24. f6 Rfe8 25. Rhe1 Qb5 26. Rxe8+ Rxe8 27. Qxd4 Bxb3 28. axb3 Qxb7 29. Qa4 1-0

[Event "Novi Sad Serbia op-A"]
[Site "Novi Sad"]
[Date "2022.07.01"]
[Round "4"]
[White "Piorun, Kacper"]
[Black "Drnovsek, Gal"]
[Result "1-0"]
[WhiteElo "2636"]
[BlackElo "2393"]
[PlyCount "63"]
[EventDate "2022.06.28"]
[EventType "swiss"]
[EventRounds "9"]
[EventCountry "SRB"]
[SourceTitle "EXT 2023"]
[Source "ChessBase"]
[SourceDate "2022.10.05"]
[SourceVersion "1"]
[SourceVersionDate "2022.10.05"]
[SourceQuality "1"]

1. d4 Nf6 2. c4 e6 3. Nc3 Bb4 4. e3 0-0 5. Bd3 c5 6. Nge2 d5 7. cxd5 exd5 8. a3 Bxc3+ 9. bxc3 b6 10. 0-0 Ba6 11. f3 Re8 12. Ng3 Bxd3 13. Qxd3 Nc6 14. Ra2 Qd7 15. Re2 Rad8 16. Bb2 a5 17. a4 cxd4 18. cxd4 Nb4 19. Qb1 Qxa4 20. e4 Qb3 21. e5 Qc4 22. Rd2 Nd7 23. f4 Nf8 24. Qd1 Re6 25. f5 Rh6 26. Qf3 Qc7 27. Qg4 Qd7 28. Nh5 Rxh5 29. Qxh5 Rc8 30. f6 g6 31. Qh6 Ne6 32. Rf3 1-0

[Event "Pasching PlusCity op"]
[Site "Pasching"]
[Date "2022.06.17"]
[Round "8"]
[White "Huber, Martin Christian"]
[Black "Drnovsek, Gal"]
[Result "1/2-1/2"]
[WhiteElo "2337"]
[BlackElo "2393"]
[PlyCount "67"]
[EventDate "2022.06.17"]
[EventType "swiss (rapid)"]
[EventRounds "9"]
[EventCountry "AUT"]
[SourceTitle "EXT 2023"]
[Source "ChessBase"]
[SourceDate "2022.10.05"]
[SourceVersion "1"]
[SourceVersionDate "2022.10.05"]
[SourceQuality "1"]

1. Nf3 d5 2. g3 Nf6 3. Bg2 e6 4. 0-0 Be7 5. c4 dxc4 6. Qa4+ Bd7 7. Qxc4 c5 8. Ne5 Qc8 9. b3 Nc6 10. Nxd7 Qxd7 11. Bb2 0-0 12. Rd1 Rac8 13. Nc3 Rfd8 14. Rac1 a6 15. Ne4 b5 16. Qc2 Nd4 17. Bxd4 Qxd4 18. Nxf6+ Bxf6 19. Bb7 Rb8 20. Be4 g6 21. e3 Qb4 22. Bg2 Rbc8 23. d3 Kg7 24. Qd2 Qa3 25. Rc2 c4 26. bxc4 bxc4 27. d4 c3 28. Qc1 Qb4 29. Rd3 e5 30. Rdxc3 Rxc3 31. Rxc3 exd4 32. Rc4 Qe7 33. Rc7 Rd7 34. Rxd7 1/2-1/2